000 00828nam a2200253 a 4500
001 19458
003 CO-ViMGA
008 141112s2004 ck r 000 u spa d
020 _a9589567711
040 _aCO-ViMGA
_bspa
_cCO-ViMGA
082 0 4 _a332.64 V173e 6ed
100 1 _aVarela Villegas, Rodrigo
_928029
245 1 0 _aEvaluación económica de proyectos de inversión
250 _a6 ed.
260 _aBogotá :
_bGrupo editorial IberoAmérica; 1997
300 _a604 p.
590 _aForma de adquisición : Premio mincultura
650 1 4 _aANALISIS DE COSTOS
_97190
650 1 4 _aEVALUACION DE PROYECTOS
650 1 4 _aINVERSIONES DE CAPITAL - EVALUACION
_928030
650 1 4 _aPROYECTOS DE DESARROLLO ECONOMICO
_928031
650 1 4 _aPROYECTOS DE INVERSION - ASPECTOS SOCIALES Y ECONOMICOS
_928032
942 _2ddc
_cBK
999 _c28600
_d28600